| 000 | 00833nam a22002297a 4500 | ||
|---|---|---|---|
| 005 | 20240530110912.0 | ||
| 008 | 140826s1983 ua a g 000 0 ara d | ||
| 017 |
_a83/4085 _bمصر . دار الكتب |
||
| 020 | _a9774720032 | ||
| 040 | _aEG-CaGPL | ||
| 082 | 0 | 4 |
_221 _a953/ _bل ت |
| 110 | 0 | _aلجنة الجامعين لنشر العلم | |
| 245 | 1 | 0 |
_aتراث الاسلام / _cلجنة الجامعين لنشر العلم |
| 260 |
_aالقاهرة : _bمكتبة الاداب ، _c1983 |
||
| 300 |
_a2جزء، 1مج : _bايض ؛ _c19 سم |
||
| 650 | 0 | 7 |
_2qrmak _aالتصوف الاسلامى |
| 650 | 0 | 7 |
_2qrmak _aالشريعة الاسلامية |
| 650 | 0 | 7 |
_2qrmak _aعلم الكلام |
| 650 | 0 | 7 |
_2qrmak _aالفلسفة |
| 650 | 0 | 7 |
_2qrmak _aالاسلام _xالنظام السياسى فى |
| 942 |
_2ddc _cBK |
||
| 999 |
_c66321 _d66321 |
||